Anáisis de la renta nacional (Registro nro. 6715)
[ vista simple ]
| 000 -LEADER | |
|---|---|
| fixed length control field | 00986 a2200193 4500 |
| 001 - CONTROL NUMBER | |
| control field | 59509 |
| 005 - DATE AND TIME OF LATEST TRANSACTION | |
| control field | 20260407155849.0 |
| 008 - FIXED-LENGTH DATA ELEMENTS--GENERAL INFORMATION | |
| fixed length control field | 260407a1970 arg spa d |
| 003 - CONTROL NUMBER IDENTIFIER | |
| control field | AR-UNSa-BCEJYS |
| 040 ## - CATALOGING SOURCE | |
| Original cataloging agency | AR-UNSa-BCEJYS |
| Language of cataloging | spa |
| Transcribing agency | AR-UNSa-BCEJYS |
| 080 ## - UNIVERSAL DECIMAL CLASSIFICATION NUMBER | |
| Universal Decimal Classification number | 330.56 |
| Common auxiliary subdivision | Renta nacional. Producto nacional neto |
| 100 1# - MAIN ENTRY--PERSONAL NAME | |
| Personal name | Beckerman, W. |
| 245 10 - TITLE STATEMENT | |
| Title | Anáisis de la renta nacional |
| 264 #1 - PRODUCTION, PUBLICATION, DISTRIBUTION, MANUFACTURE, AND COPYRIGHT NOTICE | |
| Place of production, publication, distribution, manufacture | Madrid : |
| Name of producer, publisher, distributor, manufacturer | Ediciones Rialp |
| Date of production, publication, distribution, manufacture, or copyright notice | 1970 |
| 300 ## - PHYSICAL DESCRIPTION | |
| Extent | 316 p. |
| Dimensions | 22 cm. |
| 505 ## - FORMATTED CONTENTS NOTE | |
| Formatted contents note | 1. Sistemas de clasificación de las cuentas nacionales – 2. ¿Qué es el producto nacional? – 3. Los componentes del output final – 4. El sistema de cuentas – 5. El sistema de cuentas y teoría económica – 6. ¿Qué es lo que hace variar el producto nacional? (I) – 7. ¿Qué es lo que hace variar el producto nacional (II)? – 8. ¿Qué es un “cambio” en el producto nacional? – 9. La medida de los cambios en el producto nacional |
| 590 ## - LOCAL NOTE (RLIN) | |
| Local note | niveau_biblio:m niveau_hierar:0 |
| 942 ## - ADDED ENTRY ELEMENTS (KOHA) | |
| Koha item type | |
| Withdrawn status | Lost status | Damaged status | Not for loan | Home library | Current library | Shelving location | Date acquired | Total checkouts | Full call number | Barcode | Date last seen | Price effective from | Koha item type |
|---|---|---|---|---|---|---|---|---|---|---|---|---|---|
| Biblioteca Prof. Eusebio Cleto del Rey | Biblioteca Prof. Eusebio Cleto del Rey | 07/04/2026 | 330.56 B394 | L23631 | 07/04/2026 | 07/04/2026 | Libro |